000 00623nam a2200265Ia 4500
008 180803s9999 xx 000 0 und d
020 _a9780545650908
050 _bB162 2008
100 _aBaines, Becky
245 0 _aYour skin holds you in /
245 0 _cby Becky Baines.
260 _aNew York, New York :
260 _bScholastic,
260 _c2008
300 _a29 pages :
300 _bcolored ;
300 _c20cm.
440 _aNational Geographic Kids.
500 _a490
650 _aSkin --
650 _aSkin.
650 _xJuvenile Literature.
700 _aSeries.
700 _aTitle.
999 _c358249
_d358249